Т. 1: Лом и отходы черных металлов и огнеупорных материалов: образование и использование; Вторичные материальные ресурсы черной металлургии

Opis bibliograficzny
Parent link:Вторичные материальные ресурсы черной металлургии: справочник/ гл. ред. А. Е. Юрченко. Т. 1: Лом и отходы черных металлов и огнеупорных материалов: образование и использование.— , 1986
Kolejni autorzy: Бондаренко О. Л. Олег Леонидович, Васильев И. М. Игорь Михайлович, Волобуев В. Ф. Вячеслав Федорович, Воронова Л. Н., Козлова А. А.
Język:rosyjski
Wydane: 1986
Hasła przedmiotowe:
Format: Książka
KOHA link:https://koha.lib.tpu.ru/cgi-bin/koha/opac-detail.pl?biblionumber=93468

MARC

LEADER 00000nam2a2200000 4500
001 93468
005 20231031105210.0
020 |a RU  |b 86-46735 
035 |a (RuTPU)RU\TPU\book\100079 
090 |a 93468 
100 |a 20060329g1986 km y0rusy5003 ca 
101 0 |a rus 
102 |a RU 
105 |a a g 000zy 
200 0 |a Т. 1: Лом и отходы черных металлов и огнеупорных материалов: образование и использование  |f О. Л. Бондаренко [и др.] 
210 |d 1986 
215 |a 229 с.  |c ил. 
320 |a Алфавитный указатель: с. 222-227. 
461 1 |0 (RuTPU)RU\TPU\book\132472  |t Вторичные материальные ресурсы черной металлургии  |o справочник  |o в 2 т.  |f гл. ред. А. Е. Юрченко  |v Т. 1: Лом и отходы черных металлов и огнеупорных материалов: образование и использование  |d 1986 
610 1 |a черная металлургия 
610 1 |a вторичные черные металлы 
610 1 |a лом 
610 1 |a отходы 
610 1 |a использование 
610 1 |a вторичные огнеупорные материалы 
610 1 |a справочники 
675 |a 669.1.05(035)  |z rus  |v 3 
701 1 |a Бондаренко  |b О. Л.  |g Олег Леонидович 
701 1 |a Васильев  |b И. М.  |g Игорь Михайлович 
701 1 |a Волобуев  |b В. Ф.  |g Вячеслав Федорович 
701 1 |a Воронова  |b Л. Н. 
701 1 |a Козлова  |b А. А. 
801 0 |a RU  |b RuMRKP  |c 19950704  |g psbo 
801 1 |a RU  |b 63413507  |c 20060329  |g PSBO 
801 2 |a RU  |b 63413507  |c 20071002  |g PSBO 
942 |c BK